Multi-dimensional Review of Thailand

Gespeichert in:
Bibliographische Detailangaben
Format: Buch
Sprache:Englisch
Veröffentlicht: Paris OECD 2019
Schriftenreihe:OECD Development Pathways
Schlagworte:
Tags: Tag hinzufügen
Keine Tags, Fügen Sie das erste Tag hinzu!

MARC

LEADER 00000nam a2200000 4500
001 0261963
005 20221220064821.7
020 |a 978-92-64-44752-3 
041 0 |a eng 
044 |a FR 
245 1 0 |a Multi-dimensional Review of Thailand 
264 1 |a Paris  |b OECD  |c 2019 
300 |a 106 s. 
490 1 |a OECD Development Pathways 
830 0 |a OECD Development Pathways 
610 2 0 |a rozvoj hospodársky 
610 2 0 |a analýzy 
610 2 0 |a plán 
610 2 0 |a bezpečnosť 
610 2 0 |a vodohospodárstvo 
610 2 0 |a rozvoj trvalo udržateľný 
610 2 0 |a porovnanie štatistické medzinárodné 
610 2 0 |a Thajsko